000 02344cam a22004574i 4500
003 PE-LiUPU
005 20250731173415.0
008 150706s2009 miu r 000 0 spa d
020 _a9780825415937
035 _a(Sirsi) i9780825415937
040 _aPE-LiUPU
_bspa
_cPE-LiUPU
_erda
049 _aPRUA
082 0 4 _a232.12
_bP51
_221
100 1 _aPhillips, John,
_eautor.
245 1 3 _aLa visión del a cruz :
_ba través de las escrituras /
_cJohn Phillips.
264 1 _aGrand Rapids, Michigan :
_bPortavoz,
_c2009.
300 _a296 páginas ;
_c22 centímetros
336 _atext
_2rdacontent
337 _aunmediated
_2rdamedia
338 _avolume
_2rdacarrier
505 0 _aVisión prehistórica -- Antes de la fundación del mundo -- Visión pictórica -- El Monte Moriah -- Las ofrendas por el pecado -- Las ofrendas de olor grato -- La pascua -- El día de la expiación -- Visión poética -- La oscuridad del calvario -- ¿No os conmueve? -- Visión profética -- el siervo perfecto -- Varón de dolores -- Herido por mí -- Llevado al Calvario -- Solamente una tumba prestada -- El lado victorioso del Calvario -- La aflicción de su alma -- El rey con las manos horadadas -- Visión personal -- Los milagros del Calvario -- Rescate por muchos -- Le crucificaron allí -- Gritos desde la cruz -- Visión práctica -- El viejo hombre crucificado -- La gloria de la cruz -- Predicamos a Cristo crucificado -- Visión perpetua -- Digno es el cordero que fue inmolado.
526 _aSEG42
526 _aSEG41
526 _aSEG40
526 _aSEG39
526 _aP94
526 _aP87
526 _aP86
526 _aP85
526 _aP77
526 _aP76
526 _aP35
541 _g001-0000566;
650 0 4 _aJesucristo
_xCrucifixión
_xEnseñanza bíblica.
910 _agl
_bjv
_clch
_d20120523
942 _2ddc
_cBOOK
949 _a232.12 P51
_wDEWEY
_c1
_i64677
_lCCODEBUL1
_mBUL
_p15.00
_r0
_sY
_tBOOK
_u2015-7-6
_xTEOLOGIA
_PP35
_o.STAFF. Colección Teología
994 _aC0
_bPEPRU
596 _a1
999 _a232.12 P51
_wDEWEY
_c53383
_i64677
_d53383
_e2016-4-14
_f2021-11-10
_g5
_lCCODEBUL1
_mBUL
_n2
_p15.00
_r0
_sY
_tBOOK
_u2015-7-6
_xTEOLOGIA
_PP35
_0COMPRA
_o.STAFF. Colección Teología
980 _81
_gALBERTO SANCHEZ Responsable de Automatización